000 00834nam a22001577a 4500
005 20260124091247.0
008 230718b ||||| |||| 00| 0 eng d
040 _cSSBUL
_dSSBUL
082 _223
_a၃၂၈.၅၉၁ ပြည် ၁၆၀၆၇ (S-SAT)
245 0 0 _aပြည်သူ့လွှတ်တော် ကိုယ်စားလှယ်များ၏ဆွေးနွေးတင်ပြချက်များအပေါ်နိုင်ငံတော်ကောင်စီနှင့် ဗဟိုအာဏာ.. /
260 _c၁၉၇၈။
300 _a၇၇ စာမျက်နှာ၊
_c၂၄ စင်တီ။
500 _aS-SAT: Dr. Prof Sai Aung Tun
650 _aမြန်မာနိုင်ငံ ပြည်သူ့လွှတ်တော်။
_928092
942 _2ddc
_cBK1
999 _c27300
_d27300